Подробности
| 000 -МАРКЕР |
| контрольное поле |
02253nam0a2200337 4500 |
| 001 - ИДЕНТИФИКАТОР ЗАПИСИ |
| контрольное поле |
RU\NLR\BIBL_A\012832260 |
| 005 - ИДЕНТИФИКАТОР ВЕРСИИ |
| контрольное поле |
20260406145344.0 |
| 010 ## - МЕЖДУНАРОДНЫЙ СТАНДАРТНЫЙ НОМЕР КНИГИ (ISBN) |
| Номер (ISBN) |
978-5-906818-77-5 |
| Уточнения |
Курс |
| Тираж |
60 |
| 035 ## - ДРУГИЕ СИСТЕМНЫЕ НОМЕРА |
| Идентификатор записи |
(NLR Aleph) 012832260 |
| 100 ## - ДАННЫЕ ОБЩЕЙ ОБРАБОТКИ |
| Данные общей обработки |
20220628d2022 |||y0rusy50 ca |
| 101 0# - ЯЗЫК РЕСУРСА |
| Язык текста, звукозаписи и т.д. |
русский |
| 102 ## - СТРАНА ПУБЛИКАЦИИ ИЛИ ПРОИЗВОДСТВА |
| Страна публикации |
Российская Федерация |
| 105 ## - ПОЛЕ КОДИРОВАННЫХ ДАННЫХ: ТЕКСТОВЫЕ МАТЕРИАЛЫ, МОНОГРАФИЧЕСКИЕ |
| Кодированные данные о монографическом текстовом документе |
a j 000zy |
| 181 #0 - ПОЛЕ КОДИРОВАННЫХ ДАННЫХ: ВИД СОДЕРЖАНИЯ |
| Код вида содержания (ISBD) |
i |
| Код характеристики содержания (ISBD) |
axxe |
| 182 #0 - ПОЛЕ КОДИРОВАННЫХ ДАННЫХ: ТИП СРЕДСТВА |
| Код типа средства (ISBD) |
n - непосредственное |
| 200 1# - ЗАГЛАВИЕ И СВЕДЕНИЯ ОБ ОТВЕТСТВЕННОСТИ |
| Основное заглавие |
Гидравлика |
| Сведения, относящиеся к заглавию |
учебник для студентов высших учебных заведений, обучающихся по направлению подготовки [15.03.05] "Конструкторско-технологическое обеспечение машиностроительных производств", [15.03.04] "Автоматизация технологических процессов и производств" |
| Первые сведения об ответственности |
И. И. Сазанов, А. Г. Схиртладзе, В. И. Иванов |
| 203 ## - ВИД СОДЕРЖАНИЯ И ТИП СРЕДСТВА |
| Вид содержания |
Текст |
| Дополнительные сведения об издании |
визуальный |
| Тип средства |
непосредственный |
| 210 ## - ПУБЛИКАЦИЯ, РАСПРОСТРАНЕНИЕ И ДР. |
| Место издания, распространения и т.д. |
Москва |
| Имя издателя, распространителя и т. д. |
Курс |
| -- |
Инфра-М |
| Дата издания, распространения и т.д. |
2022 |
| 215 ## - ФИЗИЧЕСКАЯ ХАРАКТЕРИСТИКА |
| Специфическое обозначение материала и объем |
319, [1] с. |
| Другие сведения о физической характеристике |
ил. |
| Размеры |
22 |
| 300 ## - ОБЩИЕ ПРИМЕЧАНИЯ |
| Текст примечания |
На 4-й с. обл. авт.: Схиртладзе А.Г. - Засл. работник высш. шк. РФ, Почет. работник высш. образования России, проф., к.т.н., д.п.н., Сазанов И.И., Почет. работник высш. проф. образования Рос. Федерации, канд. техн. наук, доц., Иванов В.И., канд. техн. наук, доц., проф. |
| 320 ## - ПРИМЕЧАНИЯ О НАЛИЧИИ В ДОКУМЕНТЕ БИБЛИОГРАФИИ / УКАЗАТЕЛЯ |
| Текст примечания |
Библиогр.: с. 317-318 (30 назв.) |
| 606 1# - НАИМЕНОВАНИЕ ТЕМЫ КАК ПРЕДМЕТ |
| Наименование темы |
Гидравлика |
| Формальный подзаголовок |
Учебники для высших учебных заведений |
| Системный номер авторитетной/нормативной записи |
1059651 |
| Идентификатор авторитетной/нормативной записи |
RU\NLR\AUTH\6692643 |
| 686 1# - ИНДЕКСЫ ДРУГИХ КЛАССИФИКАЦИЙ |
| Индекс |
Ж123я73-1 |
| 700 #1 - ИМЯ ЛИЦА - ПЕРВИЧНАЯ ОТВЕТСТВЕННОСТЬ |
| Начальный элемент ввода |
Сазанов |
| Часть имени, кроме начального элемента ввода |
И. И. |
| Расширение инициалов личного имени |
Игорь Иванович |
| 701 #1 - ИМЯ ЛИЦА - АЛЬТЕРНАТИВНАЯ ОТВЕТСТВЕННОСТЬ |
| Графика поля |
Кириллица |
| Материалы, к которым относится поле |
rus |
| Начальный элемент ввода |
Схиртладзе |
| Часть имени, кроме начального элемента ввода |
А. Г. |
| Даты |
1943- |
| Расширение инициалов личного имени |
Александр Георгиевич |
| Системный номер авторитетной/нормативной записи |
114542 |
| Идентификатор авторитетной/нормативной записи |
RU\NLR\AUTH\774564 |
| 701 #1 - ИМЯ ЛИЦА - АЛЬТЕРНАТИВНАЯ ОТВЕТСТВЕННОСТЬ |
| Графика поля |
Кириллица |
| Материалы, к которым относится поле |
rus |
| Начальный элемент ввода |
Иванов |
| Часть имени, кроме начального элемента ввода |
В. И. |
| Дополнения к именам, кроме дат |
канд. техн. наук |
| Расширение инициалов личного имени |
Витольд Ильич |
| Системный номер авторитетной/нормативной записи |
24122 |
| Идентификатор авторитетной/нормативной записи |
RU\NLR\AUTH\7741172 |
| 942 ## - ДОПОЛНИТЕЛЬНЫЕ ЭЛЕМЕНТЫ ЗАПИСИ (АБИС) |
| Тип экземпляра АБИС |
Книга |
| 980 ## - КОЛЛЕКЦИЯ |
| Название коллекции |
Национальная библиография |